| 000 | 00382pab a2200145 454500 | ||
|---|---|---|---|
| 008 | 180718b1998 xxu||||| |||| 00| 0 eng d | ||
| 100 | _aBaron, David P. | ||
| 245 | _aComparative dynamics of parliamentary governments | ||
| 260 | _c1998 | ||
| 300 | _ap.593-609 | ||
| 362 | _aSep | ||
| 650 | _aParliamentary systems | ||
| 773 | _aAmerican Political Science Review | ||
| 909 | _a38787 | ||
| 999 |
_c38787 _d38787 |
||